000 005260000a22001810004500
003 MACL
005 20160407160238.0
008 160407b xxu||||| |||| 00| 0 eng d
040 _aMACL
_cMACL
041 _aHindi
082 _a530
100 _aके पी सिंह
_948698
245 _aध्‍वनि क्‍या हैं
260 _bसरस्‍वती प्रकाशन मंदिर
_aइलाहाबाद
350 _a50
650 _aPure Science
_951075
942 _cHIN
_k530
_2ddc
999 _c10017
_d10017